Loading...

In praise of the Stepmother /

Bibliographic Details
Main Author: Vargas Llosa, Mario
Language:Undetermined
Published: London : Faber and Faber , 1990.
Subjects:
LEADER 00589nam a2200181Ia 4500
001 136104
008 170722s9999 xx 000 0 und d
020 |a 05711411358 
100 |a Vargas Llosa, Mario 
245 |a In praise of the Stepmother / 
260 |a London :  |b Faber and Faber ,  |c 1990. 
300 |a 149, f 4.99 
500 |a Tr by Helen Lane 
653 |a Spanish Novel 
923 |d 20031011  |n 7964-7966 
942 |c GEN 
999 |c 127303  |d 127303 
952 |0 0  |1 0  |4 0  |6 O_1233N36I_N0  |7 0  |9 180060  |a LIB  |b LIB  |d 2013-03-25  |e D C Books  |l 1  |o O123,3N36,I -N0  |p 250743  |r 2019-05-10  |s 2019-04-04  |w 2017-08-12  |y GEN